Abilities based on the Pokemon-Gen IX - Statistics

General Stats
  • This quiz has been taken 11 times
  • The average score is 12 of 50
Answer Stats
Pokemon Ability(ies) % Correct
Orthworm Earth Eater
100%
Wugtrio Gooey | Rattled
100%
Koraidon Orichalcum Pulse
100%
Great Tusk Protosynthesis
100%
Brute Bonnet Protosynthesis
100%
Flutter Mane Protosynthesis
100%
Iron Hands Quark Drive
100%
Iron Valian Quark Drive
100%
Espathra (Hidden) Speed Boost
100%
Lokix (Hidden) Tinted Lens
100%
Annihilape Vital Spirit | Inner Focus
100%
Pawmot Volt Absorb | Natural Cure
100%
Kingambit Defiant | Supreme Overlord
67%
Toedscruel Myceluim Might
67%
Meowscarada Overgrow
67%
Grafaiai Unburden | Poison Touch
67%
Palafin Zero to Hero
67%
Glimmora Toxic Debris
60%
Tatsugiri Commander
50%
Farigiraf Cud Chew | Armour Tail
50%
Abroliva (Hidden) Harvest
50%
Spidops Insomnia
50%
Espathra Opportunist | Frisk
50%
Meowscarada (Hidden) Protean
50%
Sandy Shocks Protosynthesis
50%
Slither Wing Protosynthesis
50%
Iron Moth Quark Drive
50%
Iron Jugulis Quark Drive
50%
Houndstone Sand Rush
50%
Abroliva Seed Sower
50%
Spidops (Hidden) Stakeout
50%
Chien-Pao Sword of Ruin
50%
Wo-Chien Tablets of Ruin
50%
Cetitan Thick Fat | Slush Rush
50%
Quaquaval Torrent
50%
Scovillain Chlorophyll | Insomnia
33%
Gholdengo Good as Gold
33%
Squawkabilly (Hidden) Guts | Sheer Force
33%
Kingambit (Hidden) Pressure
33%
Roaring Moon Protosynthesis
33%
Oinkologne♂ (Hidden) Thick Fat
33%
Ting-Lu Vessel of Ruin
33%
Brambleghast Wind Rider
33%
Maushold Friend Guard | Cheek Pouch
25%
Miraidon Hadron Engine
25%
Mabosstiff Intimidate | Guard Dog
25%
Cetitan (Hidden) Sheer Force
25%
Lokix Swarm
25%
Clodsire (Hidden) Unaware
25%
Dachsbun Well-Baked Body
25%
Dundunsparce (Hidden) Rattled
20%
Klawf Anger Shell | Shell Armour
0%
Dachsbun (Hidden) Aroma Veil
0%
Oinkologne♀ Aroma Veil | Gluttony
0%
Chi-yu Beads of Ruin
0%
Bombirdier Big Pecks | Keen Eye
0%
Skeledirge Blaze
0%
Garganacl (Hidden) Clear Body
0%
Kilowattrel (Hidden) Competitive
0%
Glimmora (Hidden) Corrosion
0%
Flamigo (Hidden) Costar
0%
Paldean Tauros (Hidden) Cud Chew
0%
Bellibolt (Hidden) Damp
0%
Annihilape (Hidden) Defiant
0%
Bellibolt Electromorphosis | Static
0%
Revavroom (Hidden) Filter
0%
Armarouge Flash Fire
0%
Ceruledge Flash Fire
0%
Houndstone (Hidden) Fluffy
0%
Baxcalibur (Hidden) Ice Body
0%
Brambleghast (Hidden) Infiltrator
0%
Paldean Tauros Intimidate | Anger Point
0%
Squawkabilly Intimidate | Hustle
0%
Pawmot (Hidden) Iron Fist
0%
Oinkologne♂ Lingering Aroma | Gluttony
0%
Veluza Mold Breaker
0%
Tinkaton Mold Breaker | Own Tempo
0%
Scovillain (Hidden) Moody
0%
Quaquaval (Hidden) Moxie
0%
Revavroom Overcoat
0%
Tinkaton (Hidden) Pickpocket
0%
Clodsire Poison Point | Water Absorb
0%
Grafaiai (Hidden) Prankster
0%
Scream Tail Protosynthesis
0%
Garganacl Purifying Salt | Sturdy
0%
Iron Treads Quark Drive
0%
Iron Thorns Quark Drive
0%
Iron Bundle Quark Drive
0%
Cyclyzar (Hidden) Regenerator
0%
Klawf (Hidden) Regenerator
0%
Bombirdier (Hidden) Rocky Payload
0%
Wugtrio (Hidden) Sand Veil
0%
Orthworm (Hidden) Sand Veil
0%
Farigiraf (Hidden) Sap Sipper
0%
Flamigo Scrappy | Tangled Feet
0%
Dundunsparce Serene Grace | Run Away
0%
Veluza (Hidden) Sharpness
0%
Cyclizar Shed Skin
0%
Mabostiff (Hidden) Stakeout
0%
Tatsugiri (Hidden) Strom Drain
0%
Rabsca Synchronise
0%
Maushold (Hidden) Technician
0%
Rabsca (Hidden) Telepathy
0%
Baxcalibur Thermal Exchange
0%
Oinkologne♀ (Hidden) Thick Fat
0%
Skeledirge (Hidden) Unaware
0%
Dondozo Unaware | Oblivious
0%
Dondozo (Hidden) Water Veil
0%
Armarouge (Hidden) Weak Armour
0%
Ceruledge (Hidden) Weak Armour
0%
Kilowattrel Wind Power | Volt Absorb
0%
No matching quizzes found
Score Distribution
Percent of People with Each Score
Percentile by Number Answered
Your Score History
You have not taken this quiz